Respuesta de cultivares de pasto llorón (Eragostris curvula) bajo estrés hídrico y salino durante la implantación /

Guardado en:
Autor Principal: Serra, Jonathan Alexis.
Autor Corporativo: Universidad Nacional del Sur. Departamento de Agronomía.
Otros Autores: Baioni, Sandra, (tutor.)
Formato: Libro
Idioma:Spanish
Publicado: Bahía Blanca, 2015.
Etiquetas: Agregar Etiqueta
Sin Etiquetas, Sea el primero en etiquetar este registro!
LEADER 00768nam a22001695a 4500
001 EEA.libagro010365
005 20181011125309.0
008 140403s2015####ag############000#0#spa#d
082 0 4 |a 633.23 
100 1 |a Serra, Jonathan Alexis. 
245 1 0 |a Respuesta de cultivares de pasto llorón (Eragostris curvula) bajo estrés hídrico y salino durante la implantación /  |c Jonathan Alexis Serra. 
260 |a Bahía Blanca,  |c 2015. 
300 |a 44 h. :  |b il. col., fot. col. ;  |c 30 cm. 
500 |a Trabajo de intensificación (Ingeniero Agrónomo) -- Universidad Nacional del Sur. Departamento de Agronomía, 2015. 
700 1 |a Baioni, Sandra,  |e tutor. 
710 2 |a Universidad Nacional del Sur.  |b Departamento de Agronomía. 
859 |a AR-BbBCA  |b BIB. AGRONOMIA  |h 633.23  |i S487  |p 2015/6503